| 000 | 00000nam 2200000za 4500 |
| 001 | 9.626004 |
| 003 | CaOODSP |
| 005 | 20210615104300 |
| 007 | ta |
| 008 | 150406s2002 onc||||| f00| 0 fre d |
| 040 | |aCaOODSP|bfre |
| 043 | |an-cn--- |
| 086 | 1 |aCP32-78/3-2002F |
| 110 | 2 |aCommission sur l'avenir des soins de santé au Canada. |
| 245 | 10|aLes ressources humaines dans le secteur de la santé au Canada / |cpréparé par la Fondation canadienne de la recherche sur les services de santé, pour la Commission sur l'avenir des soins de santé au Canada. |
| 260 | |aOttawa : |bLa Commission, |c2002. |
| 300 | |a13p. : |bréférences ; |c28 cm. |
| 490 | 1 |aDocument d'information/de Sondage |
| 563 | |aCouverture souple |
| 590 | |a02-35|b2002-08-23 |
| 691 | 07|aRégime de soins de santé|2gcpds |
| 691 | 07|aSoins de santé|2gcpds |
| 691 | 07|aCommission d'enquête|2gcpds |
| 710 | 2 |aFondation canadienne de la recherche sur les services de santé. |
| 775 | 08|tHealth human resources in Canada's healthcare system / |w(CaOODSP)9.616061 |
| 776 | 0#|tLes ressources humaines dans le secteur de la santé au Canada |w(CaOODSP)9.604288 |
| 830 | #0|aDocument d'information/de sondage.|w(CaOODSP)9.513394 |